<?xml version="1.0" encoding="UTF-8"?><?xml-stylesheet type="text/xsl" href="static/style.xsl"?><OAI-PMH xmlns="http://www.openarchives.org/OAI/2.0/" xmlns:xsi="http://www.w3.org/2001/XMLSchema-instance" xsi:schemaLocation="http://www.openarchives.org/OAI/2.0/ http://www.openarchives.org/OAI/2.0/OAI-PMH.xsd"><responseDate>2026-04-14T19:48:10Z</responseDate><request verb="GetRecord" identifier="oai:uvadoc.uva.es:10324/62848" metadataPrefix="marc">https://uvadoc.uva.es/oai/request</request><GetRecord><record><header><identifier>oai:uvadoc.uva.es:10324/62848</identifier><datestamp>2024-10-15T06:14:38Z</datestamp><setSpec>com_10324_38</setSpec><setSpec>col_10324_787</setSpec></header><metadata><record xmlns="http://www.loc.gov/MARC21/slim" xmlns:doc="http://www.lyncode.com/xoai" xmlns:xsi="http://www.w3.org/2001/XMLSchema-instance" xmlns:dcterms="http://purl.org/dc/terms/" xsi:schemaLocation="http://www.loc.gov/MARC21/slim http://www.loc.gov/standards/marcxml/schema/MARC21slim.xsd">
<leader>00925njm 22002777a 4500</leader>
<datafield tag="042" ind1=" " ind2=" ">
<subfield code="a">dc</subfield>
</datafield>
<datafield tag="720" ind1=" " ind2=" ">
<subfield code="a">Guo, Yuan</subfield>
<subfield code="e">author</subfield>
</datafield>
<datafield tag="260" ind1=" " ind2=" ">
<subfield code="c">2023</subfield>
</datafield>
<datafield tag="520" ind1=" " ind2=" ">
<subfield code="a">En el contexto de la globalización económica los intercambios comerciales entre países son frecuentes. Este proyecto se creó en el contexto de la globalización del comercio. Se trata de un proyecto empresarial cuyo principal objetivo es vender jamón ibérico en China. Los socios clave del proyecto son empresas españolas que pueden ofrecer comercio exterior de jamón ibérico y otras empresas españolas de especialidades alimentarias con actividades de exportación. Las actividades clave del proyecto son de tres tipos principales: el negocio minorista en tiendas, el negocio de venta online y la expansión de franquicias. El proyecto utilizará precios competitivos y un equipo empresarial experimentado como recursos principales. Con la propuesta de valor de hacer la comida y la cultura españolas accesibles y aceptables para los chinos, el proyecto se desarrollará en ciudades pequeñas, medianas y algunas grandes de China. A continuación, se presenta el lienzo empresarial (Business CANVAS), que se analizará en detalle en las páginas siguientes.</subfield>
</datafield>
<datafield tag="024" ind2=" " ind1="8">
<subfield code="a">https://uvadoc.uva.es/handle/10324/62848</subfield>
</datafield>
<datafield ind1=" " ind2=" " tag="653">
<subfield code="a">Jamón - Industria y comercio - España</subfield>
</datafield>
<datafield tag="245" ind1="0" ind2="0">
<subfield code="a">Plan de negocio y análisis del jamón ibérico para entrar en el mercado Chino</subfield>
</datafield>
</record></metadata></record></GetRecord></OAI-PMH>